header

Mythbusters (Record no. 262956)

MARC details
000 -LEADER
fixed length control field 00206nam a22000977a 4500
020 ## - INTERNATIONAL STANDARD BOOK NUMBER
ISBN 9780545433976
100 ## - MAIN ENTRY--AUTHOR NAME
Personal name Samantha Marles
245 ## - TITLE STATEMENT
Title Mythbusters
260 ## - PUBLICATION, DISTRIBUTION, ETC. (IMPRINT)
Place of publication U.S.A
Name of publisher Scholastic
Year of publication 2012
942 ## - ADDED ENTRY ELEMENTS (KOHA)
Koha item type Long Loan Books
Holdings
Withdrawn status Lost status Collection code Home library Current library Shelving location Date acquired Accession Number Koha item type
    Fiction Rongo University Library Rongo University Library Children's Area 21/02/2024 CL20211360 Long Loan Books

© 2026 Rongo University
Contact us: librarian | system librarian | Rongo university